All modern Dutch colonies - Statistics

General Stats
  • This quiz has been taken 30 times
  • The average score is 4 of 6
Answer Stats
Hint fact Answer % Correct
It's the most the most populated modern Dutch colony with a population higher than 150k Curacao
96%
Here they speak 4 languages: Dutch, Spanish, English and Papiamentu Aruba
88%
Its airport is known as the Flamingo Airport Bonaire
84%
The northern part of the island is a not a Dutch, but a French colony Sint Maarten
84%
It is known to have the smallest airport in the world Saba
52%
It has a nickname of ''The Golden Rock" because in the 18th century it was a thriving trade hub Sint Eustatius
44%
No matching quizzes found
Score Distribution
Percent of People with Each Score
Percentile by Number Answered
Your Score History
You have not taken this quiz